书目信息

书名: AI办公助理 
作者: 柏先云 编著
出版信息: 北京   化学工业出版社  2025.2
开本页数: 24cm  238页
丛书名:
单 册:
中图分类: TP317
科图分类:
主题词: 人工智能--ren gong zhi neng--应用--办公自动化--手册
电子资源:
ISBN: 978-7-122-46633-4
000 01434nam0 2200253 450
001 012025000285
005 20250121101526.9
010    @a978-7-122-46633-4@dCNY99.00
100    @a20250121d2025 em y0chiy50 ea
101 @achi
102    @aCN@b110000
105    @aa z 000yy
106    @ar
200 @aAI办公助理@AAI ban gong zhu li@e让职场效率倍增的16大国产AI工具手册@f柏先云编著
210    @a北京@c化学工业出版社@d2025.2
215    @a238页@c彩图@d24cm
314    @a柏先云, WPS AI首批体验者, 精通Office等办公工具的使还对WPS AI智能助手、智能文档、智能表格用, 和智能表单等AI技术有深入的研究。
330    @a本书是一本专为职场人士打造的实用手册, 旨在通过128个实战案例、160分钟视频教程和180个素材效果, 帮助读者提升工作效率和创造力。本书详细介绍了16款国内顶尖AI工具, 如文心一言、Kimi等, 并额外推荐了10款工具, 覆盖了从基础操作到高级应用的全方位技能, 确保读者能够快速掌握并应用于实际工作中。书中不仅提供了工具的使用指南, 还深入探讨了30个AI应用领域, 如营销、设计、创作等, 通过具体案例展示AI工具在不同领域的实际应用, 使读者能够更深入地理解AI工具的潜力, 从而在职场中实现效率和创新的双重提升。
517 @a让职场效率倍增的16大国产AI工具手册@Arang zhi chang xiao lv bei zeng de 16 da guo chan AI gong ju shou ce
606 @a人工智能@Aren gong zhi neng@x应用@x办公自动化@j手册
690    @aTP317@v5
701  0 @a柏先云@Abai xian yun@4编著
801  0 @aCN@bCDNYKJZYXY@c20250121
905    @aCDNYKJZYXY@b300726317-8@dTP317@e394@f2
    
    AI办公助理:让职场效率倍增的16大国产AI工具手册/柏先云编著.-北京:化学工业出版社,2025.2
    238页:彩图;24cm
    
    
    ISBN 978-7-122-46633-4:CNY99.00
    本书是一本专为职场人士打造的实用手册, 旨在通过128个实战案例、160分钟视频教程和180个素材效果, 帮助读者提升工作效率和创造力。本书详细介绍了16款国内顶尖AI工具, 如文心一言、Kimi等, 并额外推荐了10款工具, 覆盖了从基础操作到高级应用的全方位技能, 确保读者能够快速掌握并应用于实际工作中。书中不仅提供了工具的使用指南, 还深入探讨了30个AI应用领域, 如营销、设计、创作等, 通过具体案例展示AI工具在不同领域的实际应用, 使读者能够更深入地理解AI工具的潜力, 从而在职场中实现效率和创新的双重提升。
相关链接 在五车中查询图书 在当当中查询图书 在豆瓣中查询图书


正题名:AI办公助理     索取号:TP317/394         预约/预借

序号 登录号 条形码 馆藏地/架位号 状态 备注
1 726317   300726317   海科-1楼/5架5列5层/ [索取号:TP317/394] 在馆    
2 726318   300726318   海科-1楼/5架5列5层/ [索取号:TP317/394] 在馆